Normal view
MARC view
- AMJAD SALEEM
Entry Personal Name
001 - CONTROL NUMBER
- control field: 72879
003 - CONTROL NUMBER IDENTIFIER
- control field: NUST
005 - DATE AND TIME OF LATEST TRANSACTION
- control field: 20210628204931.0
008 - FIXED-LENGTH DATA ELEMENTS
- fixed length control field: 210628|| aca||aabn | a|a d
040 ## - CATALOGING SOURCE
- Original cataloging agency: NUST
- Transcribing agency: NUST
100 ## - HEADING--PERSONAL NAME
- Personal name: AMJAD SALEEM
670 ## - SOURCE DATA FOUND
- Source citation: Work cat.: (NUST): AMJAD SALEEM, , TH-SOF-0622-IMPROVING SUPPLY CHAIN PERFORMANCE OF FAST MOVING CONSUMER GOODS (FMCG), 2018
